000 00603nam a22001697a 4500
003 OSt
005 20171010095509.0
008 120813t xxu||||| |||| 00| 0 eng d
040 _aMMSU
_cULS
100 _aPuyaoan, Mariano C.
_912020
245 _aCorrelates of attrition among high school students: implications to educational management
_cMariano C. Puyaoan
260 _c1990
300 _axviii, 215 leaves
_c28 cm.
500 _aThesis (PhD.-Educational Management) -- Mariano Marcos State University, Graduate School, Laoag City
504 _aBibliography: leaves 183-193
942 _2ddc
_cTHEDIS
999 _c9703
_d9703